| 000 | 00674nam a22002177a 4500 | ||
|---|---|---|---|
| 999 |
_c11026 _d11026 |
||
| 003 | AR-CdUCM | ||
| 008 | 190402b ||||| |||| 00| 0 spa d | ||
| 020 | _a968-29-1372-1 | ||
| 040 |
_aMUNICIPALIDAD PROVINCIAL DEL CUSCO _cBIBLIOTECA MUNICIPAL DEL CUSCO |
||
| 082 |
_aEP / 372.036 / _bM53 |
||
| 100 |
_aMichel, Manuel _928142 |
||
| 245 |
_aColibri : _bArte, ciencia y tecnica IV, _bPetroleo / |
||
| 260 |
_aMexico : _bSalvat, _c1979. |
||
| 300 |
_a64 paginas ; _bilustraciones, graficos, dibujos, _c28 cm. |
||
| 440 |
_aLibros del rincon _928143 |
||
| 650 |
_aArte _9561 |
||
| 650 |
_aCiencia _92098 |
||
| 650 |
_aTecnica _913122 |
||
| 942 |
_2ddc _cLIBROS |
||
| 945 | _apjha | ||